[Event "POL-chT 2nd League"]
[Site "Jastrzebia Gora"]
[Date "2023.09.03"]
[Round "2.99"]
[White "Sadzikowski, Marian"]
[Black "Markowski, Damian"]
[Result "1/2-1/2"]
[WhiteElo "1706"]
[BlackElo "2098"]
[PlyCount "110"]
[EventDate "2023.09.02"]
[EventType "team-swiss"]
[EventRounds "9"]
[EventCountry "POL"]
[SourceTitle "EXT 2024"]
[Source "ChessBase"]
[SourceDate "2023.10.10"]
[SourceVersion "1"]
[SourceVersionDate "2023.10.10"]
[SourceQuality "1"]
[WhiteTeam "Chrzanow Olimpijczyk"]
[BlackTeam "Warszawa YMCA"]
[WhiteTeamCountry "POL"]
[BlackTeamCountry "POL"]

1. e4 c5 2. f4 Nc6 3. Nf3 g6 4. d3 Bg7 5. c3 d5 6. e5 Nh6 7. Be2 0-0 8. 0-0 Qb6 9. Kh1 f6 10. exf6 exf6 11. Qb3 Re8 12. Qxb6 axb6 13. Re1 Bg4 14. Bd2 Re7 15. Kg1 Rae8 16. Kf2 Bd7 17. h3 Nf5 18. Bd1 Nd6 19. Rxe7 Rxe7 20. Na3 b5 21. Nc2 Re8 22. Ne3 Be6 23. g4 Kf8 24. a3 Ke7 25. Bc2 Kd7 26. Rg1 Bf7 27. h4 Ra8 28. f5 d4 29. cxd4 cxd4 30. Nf1 gxf5 31. Bf4 b4 32. Bxd6 Kxd6 33. Ng3 Kd7 34. Nxf5 Bf8 35. Kg3 bxa3 36. bxa3 Rxa3 37. Rb1 Nb4 38. N3xd4 Rc3 39. Rb2 b6 40. Ba4+ Kc8 41. Rd2 Rxd3+ 42. Rxd3 Nxd3 43. g5 fxg5 44. hxg5 Nc5 45. Bc2 Bg6 46. Nc6 Kc7 47. Ncd4 Bd6+ 48. Kg4 Be5 49. Nf3 Bc3 50. N3h4 b5 51. Nxg6 hxg6 52. Ne3 Bd2 53. Nf1 Bc1 54. Bxg6 Ne6 55. Bd3 Nxg5 1/2-1/2

[Event "Krakow Malopolski Cup"]
[Site "Krakow"]
[Date "2022.08.05"]
[Round "3"]
[White "Biel, Maciej"]
[Black "Sadzikowski, Marian"]
[Result "1/2-1/2"]
[WhiteElo "1438"]
[BlackElo "1749"]
[PlyCount "127"]
[EventDate "2022.08.04"]
[EventType "swiss"]
[EventRounds "9"]
[EventCountry "POL"]
[SourceTitle "CBM 209 Extra"]
[Source "ChessBase"]
[SourceDate "2022.09.30"]
[SourceVersion "1"]
[SourceVersionDate "2022.09.30"]
[SourceQuality "1"]

1. e4 Nf6 2. d3 d5 3. Nd2 dxe4 4. dxe4 b6 5. g3 Bb7 6. Bg2 e5 7. Ne2 Nc6 8. 0-0 Qd7 9. Nb3 Qxd1 10. Rxd1 Nb4 11. c3 Na6 12. f4 Bd6 13. fxe5 Bxe5 14. Bf4 Bxf4 15. Nxf4 Ng4 16. Re1 Rd8 17. Nd4 0-0 18. e5 Bxg2 19. Kxg2 Rfe8 20. e6 fxe6 21. Nfxe6 Rd7 22. h3 Nf6 23. Re2 c5 24. Nf3 Nc7 25. Rae1 Rde7 26. Nf4 Rxe2+ 27. Rxe2 Rxe2+ 28. Nxe2 Ncd5 29. Kf1 Ne4 30. Ne5 Ne3+ 31. Ke1 g5 32. g4 Kg7 33. Ng1 Kf6 34. Ngf3 Ng2+ 35. Kf1 Nf4 36. Nc6 a5 37. h4 gxh4 38. Nxh4 Kg5 39. Nf3+ Kxg4 40. Nfe5+ Kg3 41. Nd7 h5 42. Ne7 Kf3 43. Ne5+ Ke3 44. Nf5+ Kd2 45. Nc4+ Kc2 46. Nxb6 Nd2+ 47. Ke1 Nd3+ 48. Ke2 Nxb2 49. Ne3+ Kc1 50. c4 Ne4 51. Kf3 Nc3 52. Nd7 Nba4 53. Nf6 h4 54. Kg4 Nxa2 55. Kxh4 Kd2 56. Nfd5 Nb4 57. Ng4 Kd3 58. Nde3 Nb6 59. Kg3 Nxc4 60. Nd1 a4 61. Ne5+ Nxe5 62. Nb2+ Ke3 63. Nxa4 c4 64. Nb2 1/2-1/2

[Event "Pobeskydy op"]
[Site "Frydek Mistek"]
[Date "2018.04.01"]
[Round "7"]
[White "Sadzikowski, Marian"]
[Black "Walek, Petr"]
[Result "0-1"]
[WhiteElo "1821"]
[BlackElo "2214"]
[PlyCount "90"]
[EventDate "2018.03.29"]
[EventType "swiss"]
[EventRounds "9"]
[EventCountry "CZE"]
[SourceTitle "CBM 183 Extra"]
[Source "ChessBase"]
[SourceDate "2018.04.19"]
[SourceVersion "1"]
[SourceVersionDate "2018.04.19"]
[SourceQuality "1"]

1. b3 e5 2. Bb2 Nc6 3. e3 d6 4. Nf3 f5 5. d4 e4 6. d5 exf3 7. dxc6 fxg2 8. Bxg2 b6 9. Qh5+ g6 10. Qe2 Nf6 11. e4 Kf7 12. Nd2 Bh6 13. 0-0-0 Re8 14. Kb1 fxe4 15. Qc4+ d5 16. Qd4 Qe7 17. Rde1 Bf5 18. Ka1 Rad8 19. Nb1 Bf4 20. Na3 a6 21. h3 Qd6 22. c3 Qxc6 23. Nc2 Qd6 24. Ne3 c5 25. Nxf5 gxf5 26. Qd1 d4 27. c4 d3 28. Kb1 d2 29. Re2 Qd3+ 30. Ka1 Be5 31. Re3 Bxb2+ 32. Kxb2 Qd4+ 33. Kc2 b5 34. cxb5 axb5 35. Rc3 Kf8 36. Bf1 Nd5 37. Rg3 f4 38. Rg5 Nc3 39. Rf5+ Ke7 40. Rf7+ Kxf7 41. Qh5+ Ke6 42. Qg4+ Kd5 43. Qf5+ Kc6 44. Bxb5+ Nxb5 45. Rb1 d1Q+ 0-1

[Event "Pobeskydy op"]
[Site "Frydek Mistek"]
[Date "2016.03.27"]
[Round "8"]
[White "Bakalar, Jan"]
[Black "Sadzikowski, Marian"]
[Result "1/2-1/2"]
[WhiteElo "2034"]
[BlackElo "1863"]
[PlyCount "134"]
[EventDate "2016.03.24"]
[EventType "swiss"]
[EventRounds "9"]
[EventCountry "CZE"]
[SourceTitle "CBM 171 Extra"]
[Source "ChessBase"]
[SourceDate "2016.04.26"]
[SourceVersion "1"]
[SourceVersionDate "2016.04.26"]
[SourceQuality "1"]

1. Nc3 b6 2. e4 Bb7 3. f4 e6 4. Nf3 Nf6 5. e5 Nd5 6. Nxd5 Bxd5 7. c4 Bb7 8. d4 Bb4+ 9. Kf2 Be7 10. Be3 d5 11. Qc2 Nd7 12. f5 c5 13. Rd1 cxd4 14. Bxd4 Bc5 15. cxd5 Bxd4+ 16. Rxd4 Bxd5 17. Bb5 0-0 18. Qd2 Nc5 19. Re1 Kh8 20. f6 gxf6 21. Qh6 Rg8 22. Rh4 Ne4+ 23. Rexe4 Bxe4 24. Bc6 Rxg2+ 25. Kxg2 Qg8+ 26. Kf2 Bxc6 27. Qxf6+ Qg7 28. Ng5 Qxf6+ 29. exf6 Be8 30. Rxh7+ Kg8 31. Rg7+ Kh8 32. h4 Rc8 33. h5 Rc5 34. Kg3 Rf5 35. Ne4 Bc6 36. Ng5 Rxf6 37. Rxf7 Rxf7 38. Nxf7+ Kg7 39. Ne5 Be8 40. Kg4 Kh6 41. Kf4 Kxh5 42. Nc4 Bc6 43. Nd6 Bd5 44. a3 a6 45. Nc8 b5 46. Nb6 Ba2 47. b4 Kg6 48. Ke5 Kg5 49. Nd7 Kg4 50. Nc5 Kf3 51. Nxa6 Ke3 52. Nc7 Bc4 53. Nxe6 Kd3 54. Nc7 Kc3 55. Kd6 Kb3 56. Kc5 Ka4 57. Ne8 Kxa3 58. Nd6 Bd3 59. Nxb5+ Ka4 60. Nd6 Kb3 61. Nb7 Ba6 62. Na5+ Kc3 63. Nc6 Kb3 64. Kb6 Bf1 65. Ka5 Kc3 66. Ne7 Be2 67. Nd5+ Kb2 1/2-1/2

[Event "Karpacz op"]
[Site "Karpacz"]
[Date "2013.07.27"]
[Round "6"]
[White "Sadzikowski, Marian"]
[Black "Lewtak, Dominik"]
[Result "0-1"]
[WhiteElo "1868"]
[BlackElo "1863"]
[PlyCount "82"]
[EventDate "2013.07.22"]
[EventType "swiss"]
[EventRounds "9"]
[EventCountry "POL"]
[SourceTitle "EXT 2014"]
[Source "ChessBase"]
[SourceDate "2013.11.20"]
[SourceVersion "1"]
[SourceVersionDate "2013.11.20"]
[SourceQuality "1"]

1. d4 Nf6 2. c4 e6 3. Nc3 Bb4 4. Bg5 h6 5. Bh4 b6 6. Qc2 Bb7 7. a3 Bxc3+ 8. Qxc3 g5 9. Bg3 Ne4 10. Qc2 Qf6 11. Nf3 Nxg3 12. hxg3 Bxf3 13. gxf3 Qxd4 14. Bg2 Nc6 15. Rd1 Qf6 16. b4 Rd8 17. 0-0 h5 18. Rd2 h4 19. Rfd1 h3 20. Bf1 g4 21. f4 Rh5 22. e4 e5 23. Rd5 Nd4 24. R1xd4 d6 25. c5 Rh6 26. Rd3 exf4 27. e5 Qf5 28. Rd2 Qxc2 29. Rxc2 fxg3 30. fxg3 dxe5 31. Rxd8+ Kxd8 32. c6 Ke7 33. b5 Rd6 34. Re2 Ke6 35. Kh2 f5 36. Bxh3 gxh3 37. Kxh3 Rd3 38. Kg2 Rxa3 39. Rb2 a6 40. bxa6 Rxa6 41. Kf2 Ra5 0-1

[Event "Karpacz op"]
[Site "Karpacz"]
[Date "2013.07.26"]
[Round "5"]
[White "Dwilewicz, Agata"]
[Black "Sadzikowski, Marian"]
[Result "1-0"]
[WhiteElo "1502"]
[BlackElo "1868"]
[PlyCount "101"]
[EventDate "2013.07.22"]
[EventType "swiss"]
[EventRounds "9"]
[EventCountry "POL"]
[SourceTitle "EXT 2014"]
[Source "ChessBase"]
[SourceDate "2013.11.20"]
[SourceVersion "1"]
[SourceVersionDate "2013.11.20"]
[SourceQuality "1"]

1. e4 b6 2. d4 Bb7 3. Bd3 e6 4. Ne2 Nf6 5. Ng3 d5 6. e5 Nfd7 7. Be3 Ba6 8. f4 Bxd3 9. Qxd3 c5 10. c3 Nc6 11. 0-0 g6 12. Nd2 cxd4 13. cxd4 Nb4 14. Qb3 a5 15. a4 Be7 16. Rac1 Rc8 17. Nb1 0-0 18. Na3 Nb8 19. Nb5 Qd7 20. Rc3 Rc6 21. Ne2 Rfc8 22. g4 Nc2 23. Qxc2 Na6 24. Rc1 Nb4 25. Qb3 f6 26. Rxc6 Rxc6 27. Nec3 fxe5 28. fxe5 Qd8 29. Rf1 Bg5 30. Nd1 Rc2 31. Bxg5 Qxg5 32. Qf3 Qe7 33. Nd6 h5 34. Rf2 Rxf2 35. Nxf2 h4 36. Qf4 g5 37. Qc1 Kg7 38. Qc8 Kh7 39. Qb8 Nc2 40. Qxb6 Ne1 41. Qb3 Qf8 42. Qc3 Nf3+ 43. Kg2 Nxh2 44. Qc2+ Kh6 45. Kxh2 Qf4+ 46. Kg1 Qxd4 47. Kg2 Qf4 48. Qd3 Qxa4 49. Nf7+ Kg7 50. Nxg5 d4 51. Qh7+ 1-0

[Event "Pobeskydy op"]
[Site "Frydek Mistek"]
[Date "2013.04.01"]
[Round "9"]
[White "Sadzikowski, Marian"]
[Black "Hanl, Frantisek"]
[Result "1-0"]
[WhiteElo "1844"]
[BlackElo "1953"]
[PlyCount "57"]
[EventDate "2013.03.28"]
[EventType "swiss"]
[EventRounds "9"]
[EventCountry "CZE"]
[SourceTitle "CBM 153 Extra"]
[Source "ChessBase"]
[SourceDate "2013.04.22"]
[SourceVersion "1"]
[SourceVersionDate "2013.04.22"]
[SourceQuality "1"]

1. e4 e6 2. f4 d5 3. e5 c5 4. Bb5+ Nc6 5. Bxc6+ bxc6 6. Nf3 Ba6 7. d3 c4 8. 0-0 Bc5+ 9. Kh1 Ne7 10. d4 Bb6 11. c3 0-0 12. Be3 Rb8 13. Nbd2 Qc7 14. g4 c5 15. Rb1 cxd4 16. Nxd4 Rb7 17. N2f3 Nc6 18. Rf2 Nxd4 19. Nxd4 Rfb8 20. Qf3 Bxd4 21. Bxd4 Qa5 22. a3 Qc7 23. f5 exf5 24. gxf5 Rb3 25. Qg2 Bb5 26. Rg1 g6 27. Qh3 Be8 28. f6 h5 29. Qxh5 1-0

[Event "Pobeskydy op"]
[Site "Frydek Mistek"]
[Date "2013.03.29"]
[Round "3"]
[White "Kubik, Michael"]
[Black "Sadzikowski, Marian"]
[Result "1-0"]
[WhiteElo "2152"]
[BlackElo "1844"]
[PlyCount "109"]
[EventDate "2013.03.28"]
[EventType "swiss"]
[EventRounds "9"]
[EventCountry "CZE"]
[SourceTitle "CBM 153 Extra"]
[Source "ChessBase"]
[SourceDate "2013.04.22"]
[SourceVersion "1"]
[SourceVersionDate "2013.04.22"]
[SourceQuality "1"]

1. e4 b6 2. d4 Bb7 3. Nd2 e6 4. Ngf3 Nf6 5. Bd3 d5 6. e5 Nfd7 7. Qe2 c5 8. c3 Be7 9. 0-0 Nc6 10. a3 Rc8 11. Re1 Nf8 12. b4 c4 13. Bc2 Ng6 14. Nf1 Nh4 15. Nxh4 Bxh4 16. Ne3 Rc7 17. Qg4 Kf8 18. g3 Be7 19. f4 h5 20. Qh3 g5 21. f5 Nxe5 22. dxe5 d4 23. f6 Bxf6 24. exf6 d3 25. Ba4 Qxf6 26. Bd2 Qg6 27. Bd1 f5 28. g4 f4 29. Nf1 e5 30. Rxe5 Qc6 31. Bf3 Qxf3 32. Qxf3 Bxf3 33. Rxg5 hxg4 34. Bxf4 Rd7 35. Rf5+ Ke7 36. Re1+ Kd8 37. Nd2 Be2 38. Nxc4 Rdh7 39. Bg3 Kd7 40. Kf2 Rh6 41. Ke3 Rc8 42. Rd5+ Ke7 43. Kd4 Re6 44. Nd2 Rf8 45. Re5 Rd8+ 46. Ke3 b5 47. Bh4+ Kd7 48. Rxe6 Rh8 49. Re7+ Kd6 50. Ne4+ Kd5 51. Bg3 a6 52. Rxe2 dxe2 53. Kxe2 Kc4 54. Rc7+ Kb3 55. Nc5+ 1-0

[Event "Pobeskydy op"]
[Site "Frydek Mistek"]
[Date "2013.03.28"]
[Round "2"]
[White "Sadzikowski, Marian"]
[Black "Kuciel, Wladyslaw"]
[Result "1-0"]
[WhiteElo "1844"]
[BlackElo "2042"]
[PlyCount "77"]
[EventDate "2013.03.28"]
[EventType "swiss"]
[EventRounds "9"]
[EventCountry "CZE"]
[SourceTitle "CBM 153 Extra"]
[Source "ChessBase"]
[SourceDate "2013.04.22"]
[SourceVersion "1"]
[SourceVersionDate "2013.04.22"]
[SourceQuality "1"]

1. e4 c5 2. f4 d5 3. e5 Nc6 4. Nf3 d4 5. d3 Nh6 6. Nbd2 Nf5 7. Ne4 e6 8. Be2 h5 9. Nfg5 Be7 10. Bxh5 Bxg5 11. fxg5 Nxe5 12. 0-0 g6 13. Bf3 Qc7 14. g3 Bd7 15. Nf6+ Ke7 16. Bf4 Bc6 17. Bxc6 Qxc6 18. Bxe5 Ne3 19. Qf3 Nxf1 20. Qxc6 bxc6 21. Rxf1 Rhd8 22. h4 a5 23. Kg2 a4 24. Kf3 c4 25. Ke4 cxd3 26. Kxd3 c5 27. Kc4 Ra7 28. b3 axb3 29. axb3 d3 30. cxd3 Ra2 31. Kc3 Re2 32. Ne4 Rg8 33. Bd6+ Kd7 34. Rxf7+ Kc6 35. Rc7+ Kb6 36. Rxc5 Ra2 37. Kd4 Rb2 38. Bc7+ Kb7 39. Nd6+ 1-0

[Event "Krakow op-B 23rd"]
[Site "Krakow"]
[Date "2013.01.02"]
[Round "7"]
[White "Sadzikowski, Marian"]
[Black "Bandyk, Sebastian"]
[Result "0-1"]
[WhiteElo "1868"]
[BlackElo "1454"]
[PlyCount "162"]
[EventDate "2012.12.27"]
[EventType "swiss"]
[EventRounds "9"]
[EventCountry "POL"]
[SourceTitle "CBM 152 Extra"]
[Source "ChessBase"]
[SourceDate "2013.02.25"]
[SourceVersion "1"]
[SourceVersionDate "2013.02.25"]
[SourceQuality "1"]

1. e4 c5 2. f4 d5 3. Bb5+ Bd7 4. Bxd7+ Qxd7 5. e5 Nc6 6. d3 e6 7. Nf3 Be7 8. 0-0 Nh6 9. c3 d4 10. c4 g6 11. Nbd2 Nf5 12. Ne4 h5 13. Bd2 b6 14. Qe1 Rc8 15. h3 Qd8 16. Nfg5 Kf8 17. Ng3 Bxg5 18. fxg5 Qc7 19. Bf4 Nxg3 20. Bxg3 Ne7 21. Qe2 Nf5 22. Bf4 h4 23. Rf3 Ke7 24. Qf2 Rh5 25. Re1 Qc6 26. Re4 Rch8 27. Bd2 Qa4 28. a3 R8h7 29. Rff4 Qb3 30. Qf3 Qxb2 31. Be1 Qxa3 32. Re2 Qa6 33. Qc6 Rh8 34. Qc7+ Ke8 35. Rff2 Qa1 36. Kh2 a5 37. Bxa5 Kf8 38. Qd8+ Kg7 39. Qf6+ Kh7 40. Rxf5 Rf8 41. Bxb6 gxf5 42. g6+ Kg8 43. Bxc5 Qf1 44. Rb2 Qf4+ 45. Kg1 Qe3+ 46. Rf2 Qc1+ 47. Rf1 Qe3+ 48. Kh1 Qxd3 49. Rg1 Rh6 50. Bxf8 Rxg6 51. Qd8 Qxc4 52. Bc5+ Kh7 53. Qxh4+ Rh6 54. Qxd4 Rh4 55. Qxc4 Rxc4 56. Be7 Kg6 57. Bf6 Re4 58. g3 Re2 59. Rg2 Re4 60. Kh2 Kh5 61. Ra2 Rb4 62. Kg2 Kg6 63. h4 Rb1 64. Ra8 Kh5 65. Rh8+ Kg4 66. Rg8+ Kh5 67. Rg7 Rb2+ 68. Kh3 Rb1 69. Rxf7 Rb3 70. Rh7+ Kg6 71. Rh8 f4 72. Rg8+ Kh7 73. h5 Kxg8 74. h6 Rxg3+ 75. Kh2 Rg6 76. Bd8 Kh7 77. Ba5 Kxh6 78. Bd2 Kg5 79. Kg2 Kf5+ 80. Kf3 Rg3+ 81. Kf2 Kxe5 0-1

[Event "POL-ch Teachers"]
[Site "Krakow"]
[Date "2012.??.??"]
[Round "8"]
[White "Sadzikowski, Marian"]
[Black "Shilov, Sergej"]
[Result "0-1"]
[WhiteElo "1865"]
[BlackElo "2201"]
[PlyCount "66"]
[EventDate "2012.??.??"]
[EventType "swiss"]
[EventRounds "9"]
[EventCountry "POL"]
[SourceTitle "EXT 2014"]
[Source "ChessBase"]
[SourceDate "2013.11.20"]
[SourceVersion "1"]
[SourceVersionDate "2013.11.20"]
[SourceQuality "1"]

1. e4 e5 2. f4 d5 3. Nf3 exf4 4. e5 g5 5. h4 g4 6. Ng1 Be7 7. d4 Bxh4+ 8. Kd2 c5 9. Bb5+ Kf8 10. b4 cxd4 11. Ke2 Bg5 12. Bb2 Ne7 13. Bxd4 Nf5 14. Bc5+ Kg7 15. Kd3 Ng3 16. Rh2 Bf5+ 17. Kc3 Ne4+ 18. Kb2 Nxc5 19. bxc5 Qa5 20. a4 Qb4+ 21. Ka2 d4 22. Nd2 a6 23. Bd3 Qxc5 24. Kb2 Qb4+ 25. Nb3 Be6 26. Ne2 Nc6 27. Qf1 Bxb3 28. cxb3 Qd2+ 29. Bc2 d3 30. Qd1 Qxd1 31. Bxd1 dxe2 32. Bxe2 Nxe5 33. Rd1 Rad8 0-1

[Event "Frydek Mistek Chance Cup op"]
[Site "Frydek Mistek"]
[Date "2011.04.21"]
[Round "1"]
[White "Sadzikowski, Marian"]
[Black "Ovcina, Dennis"]
[Result "0-1"]
[WhiteElo "1905"]
[BlackElo "2226"]
[PlyCount "112"]
[EventDate "2011.04.21"]
[EventType "swiss"]
[EventRounds "9"]
[EventCountry "CZE"]
[SourceTitle "EXT 2012"]
[Source "ChessBase"]
[SourceDate "2011.11.24"]
[SourceVersion "1"]
[SourceVersionDate "2011.11.24"]
[SourceQuality "1"]

1. e4 c5 2. f4 d5 3. Bb5+ Bd7 4. Bxd7+ Nxd7 5. e5 e6 6. Nf3 Ne7 7. 0-0 Nf5 8. d3 h5 9. Qe1 Qb6 10. c4 d4 11. Ng5 Be7 12. Ne4 Qc6 13. a4 Nb8 14. Na3 Na6 15. Bd2 Nb4 16. Bxb4 cxb4 17. Nb5 a6 18. Nbd6+ Bxd6 19. Nxd6+ Nxd6 20. exd6 Qxd6 21. f5 e5 22. c5 Qxc5 23. Rc1 Qd6 24. Rc4 a5 25. Qg3 0-0 26. Rfc1 Ra6 27. Qf3 Qh6 28. Qxb7 Qe3+ 29. Kh1 Rf6 30. Qe4 Qxe4 31. dxe4 Rd6 32. Kg1 g6 33. fxg6 f5 34. exf5 Rxf5 35. Rf1 Rxf1+ 36. Kxf1 e4 37. Rc7 d3 38. Ke1 Rxg6 39. g3 Rd6 40. Re7 d2+ 41. Kd1 Rd4 42. Re5 Kf7 43. Rxa5 Kf6 44. Rxh5 e3 45. Rh6+ Kf5 46. Rh5+ Ke6 47. Rh6+ Kd5 48. Rh5+ Kc4 49. Re5 Kd3 50. a5 Rc4 51. Rd5+ Ke4 52. Rxd2 exd2 53. Kxd2 b3 54. a6 Rc2+ 55. Kd1 Ke3 56. a7 Rxb2 0-1

[Event "Kochan Memorial op-B 20th"]
[Site "Koszalin"]
[Date "2009.08.12"]
[Round "7"]
[White "Sadzikowski, Marian"]
[Black "Puszkarek, Kamil"]
[Result "0-1"]
[WhiteElo "1908"]
[BlackElo "1593"]
[PlyCount "102"]
[EventDate "2009.08.06"]
[EventType "swiss"]
[EventRounds "9"]
[EventCountry "POL"]
[SourceTitle "CBM 132 Extra"]
[Source "ChessBase"]
[SourceDate "2009.11.03"]
[SourceVersion "1"]
[SourceVersionDate "2009.11.03"]
[SourceQuality "1"]

1. e4 e6 2. f4 d5 3. e5 c5 4. Bb5+ Nc6 5. Bxc6+ bxc6 6. Nf3 Ba6 7. d3 c4 8. d4 Ne7 9. c3 c5 10. Qa4+ Qd7 11. Qxa6 Rb8 12. Qd6 Qc8 13. Qxc5 Nc6 14. Qxf8+ Rxf8 15. 0-0 f6 16. exf6 gxf6 17. Re1 Kd7 18. Nbd2 Qc7 19. Nf1 Rg8 20. Ne3 Qxf4 21. Kh1 Qd6 22. Re2 Ne7 23. b3 Qc6 24. b4 Rg7 25. a4 Rbg8 26. Nf1 Nf5 27. Bf4 Kc8 28. b5 Qe8 29. Rae1 Qh5 30. Rf2 Rxg2 31. Ng3 R2xg3 32. Bxg3 Nxg3+ 33. Kg2 Ne4+ 34. Kf1 Nxf2 35. Kxf2 Qh3 36. Rf1 Rg2+ 37. Ke1 Ra2 38. Rf2 Rxf2 39. Kxf2 Qf5 40. a5 Qc2+ 41. Kg3 Qxc3 42. h4 Qxa5 43. Kg4 Qxb5 44. h5 a5 45. h6 a4 46. Nh4 a3 47. Ng6 a2 48. Nf8 a1Q 49. Nxh7 Qe8 50. Nxf6 Qg6+ 51. Kh3 Qh1# 0-1

[Event "Kochan Memorial op-B 20th"]
[Site "Koszalin"]
[Date "2009.08.07"]
[Round "2"]
[White "Sadzikowski, Marian"]
[Black "Zebracki, Tomasz"]
[Result "1-0"]
[WhiteElo "1908"]
[BlackElo "1779"]
[PlyCount "23"]
[EventDate "2009.08.06"]
[EventType "swiss"]
[EventRounds "9"]
[EventCountry "POL"]
[SourceTitle "CBM 132 Extra"]
[Source "ChessBase"]
[SourceDate "2009.11.03"]
[SourceVersion "1"]
[SourceVersionDate "2009.11.03"]
[SourceQuality "1"]

1. e4 e6 2. f4 d5 3. e5 c5 4. Bb5+ Nc6 5. Nf3 Bd7 6. c4 d4 7. d3 a6 8. Ba4 Nxe5 9. Nxe5 Qa5+ 10. Bd2 Qxa4 11. b3 Qc6 12. Nxc6 1-0

[Event "Kochan Memorial op-B 20th"]
[Site "Koszalin"]
[Date "2009.08.06"]
[Round "1"]
[White "Wirkus, Jaroslaw"]
[Black "Sadzikowski, Marian"]
[Result "0-1"]
[WhiteElo "1491"]
[BlackElo "1908"]
[PlyCount "106"]
[EventDate "2009.08.06"]
[EventType "swiss"]
[EventRounds "9"]
[EventCountry "POL"]
[SourceTitle "CBM 132 Extra"]
[Source "ChessBase"]
[SourceDate "2009.11.03"]
[SourceVersion "1"]
[SourceVersionDate "2009.11.03"]
[SourceQuality "1"]

1. Nf3 b6 2. g3 Bb7 3. Bg2 e6 4. 0-0 Nf6 5. Nc3 c5 6. e3 d5 7. d4 Nbd7 8. Bd2 Ba6 9. Re1 Bd6 10. e4 dxe4 11. Nxe4 Nxe4 12. Rxe4 Bb7 13. Re1 Nf6 14. Bg5 0-0 15. c3 Qe7 16. Qb3 h6 17. Be3 Rab8 18. Rad1 Rfc8 19. c4 b5 20. dxc5 Bxc5 21. cxb5 Bd5 22. Qa4 Qb7 23. Nh4 Qxb5 24. Qxb5 Rxb5 25. b3 Bxe3 26. Rxe3 Rc2 27. Bf1 Rbc5 28. Ra1 Ng4 29. Re2 Rc1 30. h3 Rxa1 31. f3 Rcc1 32. hxg4 Rxf1+ 33. Kg2 g5 34. Rf2 Rg1+ 35. Kh3 Rh1+ 36. Rh2 gxh4 37. gxh4 Bxf3 38. Rxh1 Bxh1 39. a4 e5 40. Kg3 e4 41. Kf4 Re1 42. b4 e3 43. b5 e2 44. Ke3 Ra1 45. Kxe2 Rxa4 46. g5 hxg5 47. hxg5 Rb4 48. Ke3 Rxb5 49. Kf4 a5 50. Kg4 a4 51. Kh5 Bf3+ 52. Kh6 a3 53. g6 Rh5# 0-1

[Event "POL-ch Teachers"]
[Site "Krakow"]
[Date "2008.05.24"]
[Round "6.5"]
[White "Szymczak, Rafal"]
[Black "Sadzikowski, Marian"]
[Result "1-0"]
[WhiteElo "2140"]
[BlackElo "1863"]
[PlyCount "135"]
[EventDate "2008.05.22"]
[EventType "swiss"]
[EventRounds "9"]
[EventCountry "POL"]
[SourceTitle "EXT 2023"]
[Source "ChessBase"]
[SourceDate "2022.10.05"]
[SourceVersion "1"]
[SourceVersionDate "2022.10.05"]
[SourceQuality "1"]

1. d4 Nf6 2. Nf3 g6 3. g3 Bg7 4. Bg2 0-0 5. 0-0 c6 6. c3 d5 7. Nbd2 Bf5 8. Nh4 Qd7 9. Nxf5 Qxf5 10. e4 dxe4 11. Qe2 e6 12. Nxe4 Nxe4 13. Bxe4 Qh3 14. f4 h5 15. Bg2 Qg4 16. Qxg4 hxg4 17. h4 gxh3 18. Bxh3 Nd7 19. b3 f5 20. Ba3 Rfe8 21. Bg2 Rac8 22. Rad1 Nf6 23. Rfe1 Bf8 24. Bxf8 Kxf8 25. Bf3 Kf7 26. Kg2 Nd5 27. Rd3 Kf6 28. a3 Re7 29. Red1 g5 30. fxg5+ Kxg5 31. c4 Nf6 32. Re1 Rd8 33. Re5 Nd7 34. Ree3 Nf8 35. Rd1 Red7 36. d5 cxd5 37. cxd5 Kf6 38. dxe6 Rxd1 39. Bxd1 Rd2+ 40. Re2 Rxe2+ 41. Bxe2 Nxe6 42. Kf2 Ke5 43. Ke3 Nc5 44. Bf3 b6 45. b4 Ne6 46. Kd3 Ng5 47. Bb7 Nf7 48. Bf3 Nd6 49. a4 Nf7 50. Bg2 Nd6 51. Bf3 Ne8 52. Kc4 Nc7 53. Bb7 Kd6 54. Bc8 Ke5 55. Bb7 Kf6 56. Kd4 Kg5 57. Ke5 Kg4 58. b5 Kxg3 59. Kxf5 Kf2 60. Ke5 Ke3 61. Bc6 a6 62. Kd6 axb5 63. Bxb5 Na8 64. Kc6 Kd4 65. Kb7 Kc5 66. Kxa8 Kb4 67. Kb7 Ka5 68. Ka7 1-0

[Event "POL-ch Teachers"]
[Site "Krakow"]
[Date "2008.05.22"]
[Round "1.3"]
[White "Sadzikowski, Marian"]
[Black "Kukula, Pawel"]
[Result "0-1"]
[WhiteElo "1863"]
[BlackElo "2217"]
[PlyCount "86"]
[EventDate "2008.05.22"]
[EventType "swiss"]
[EventRounds "9"]
[EventCountry "POL"]
[SourceTitle "EXT 2023"]
[Source "ChessBase"]
[SourceDate "2022.10.05"]
[SourceVersion "1"]
[SourceVersionDate "2022.10.05"]
[SourceQuality "1"]

1. e4 c5 2. f4 Nc6 3. Nf3 g6 4. Bb5 Bg7 5. Bxc6 bxc6 6. 0-0 d6 7. c3 Nf6 8. d3 0-0 9. Be3 Ng4 10. Bf2 Rb8 11. h3 Nxf2 12. Rxf2 Bh6 13. g3 e5 14. Kh2 exf4 15. g4 f5 16. gxf5 gxf5 17. e5 Kh8 18. exd6 Qxd6 19. Qe2 Bg7 20. Na3 Ba6 21. Nc4 Bxc4 22. dxc4 Rfe8 23. Qd2 Qc7 24. Qc2 Re4 25. Rg1 Bf6 26. Rfg2 Rbe8 27. Kh1 Qf7 28. Nd2 Qh5 29. Nxe4 fxe4 30. Rh2 f3 31. b4 e3 32. b5 cxb5 33. cxb5 f2 34. Rxf2 exf2 35. Qxf2 Qxh3+ 36. Qh2 Qxh2+ 37. Kxh2 Bxc3 38. a4 Re2+ 39. Kh3 Ra2 40. Kg4 Rxa4+ 41. Kf5 Ra5 42. Ke6 Rxb5 43. Kd5 Bd4 0-1